000 00725cam a2200193 i 4500
003 IT-RoINE
005 20140417132436.0
008 110624s1935 it a r 000 0dita d
040 _aUSD
_cIT-RoINE
_dIT-RoINE
100 0 _95556
_aFrancisca Javier Cabrini,
_cSanta,
_d1850-1917
245 1 0 _aViaggi della madre Francesca Saverio Cabrini :
_bfondatrice delle Missionarie del Sacro Cuore di Gesù : narrati in varie sue lettere.
260 _aMilano :
_bStab. Pont. Arti Grafiche Sacre Bertarelli,
_c1935.
300 _aXIX, 410 p., [1] h. de lám. ;
_c19 cm.
336 _2rdacontent
_atext
337 _2rdamedia
_aunmediated
338 _2rdacarrier
_avolume
500 _aPrecede al tít.: A. M. G. SS. C. J.
942 _cMTS
999 _c938
_d938